| 000 | 01188nam2a22002651 4500 | ||
|---|---|---|---|
| 001 | RU\NLR\INFOCOMM17\1000409329 | ||
| 005 | 20260607121205.0 | ||
| 035 | _a(NLR Aleph) 002537229 | ||
| 090 |
_a13725131 _c13725131 |
||
| 100 | _a20040428d1969 |||y0rusy50 ca | ||
| 101 | 0 | _arus | |
| 102 | _aUA | ||
| 105 | _ay ||||||||| | ||
| 200 | 1 |
_aПроблемы и опыт совершенствования организации науки в ГДР _fГ.М. Добров, С.А. Городничева |
|
| 210 | _d1969 | ||
| 461 | 0 |
_1001RU\NLR\INFOCOMM17\1000409324 _12001#$aМатериалы по науковедению$fАН УССР. Отд-ние комплексных проблем науковедения Совета по изучению производ. сил УССР. СОПС$vВып.4 |
|
| 700 | 1 |
_aДобров _bГ. М. _cд-р экон. наук, канд. техн. наук _f1929-1989 _gГеннадий Михайлович _3RU\NLR\AUTH\770239398 _4070 |
|
| 701 | 1 |
_aГородничева _bС. А. _4070 |
|
| 801 | 0 |
_aRU _bNLR _gPSBO |
|
| 801 | 1 |
_aRU _bInfoComm _c20040428 |
|
| 852 |
_aNLR _jП25/37 |
||
| 942 | _cISSUE | ||
| 980 | _aRUSPER | ||
| 980 | _aNB | ||